Sports Quiz

Random Sports or NHL Quiz
Score 0/50 Timer 06:00
0 Plays Today
Season Answer % Correct
2016-17Kyle Palmieri
98.9%
2016-17Taylor Hall
97.8%
2017-18Taylor Hall
97.8%
2017-18Taylor Hall
97.8%
2017-18Taylor Hall
97.8%
2017-18Taylor Hall
97.8%
2015-16Kyle Palmieri
95.6%
2015-16Kyle Palmieri
95.6%
2016-17Kyle Palmieri
95.6%
2018-19Kyle Palmieri
95.6%
2018-19Kyle Palmieri
95.6%
2010-11Patrik Elias
93.3%
2010-11Patrik Elias
93.3%
2011-12Patrik Elias
93.3%
2012-13*Patrik Elias
93.3%
2012-13*Patrik Elias
93.3%
2010-11Ilya Kovalchuk
90%
2011-12Ilya Kovalchuk
90%
2011-12Ilya Kovalchuk
90%
2009-10Zach Parise
87.8%
2009-10Zach Parise
87.8%
2009-10Zach Parise
87.8%
2009-10Zach Parise
87.8%
2018-19Nico Hischier
84.4%
2015-16Travis Zajac
81.1%
Season Answer % Correct
2012-13*Andy Greene
76.7%
2014-15Adam Henrique
74.4%
2013-14Adam Henrique
73.3%
2014-15Adam Henrique
73.3%
2013-14Jaromir Jagr
53.3%
2013-14Jaromir Jagr
53.3%
2013-14Jaromir Jagr
53.3%
2014-15Stephen Gionta
48.9%
2016-17Miles Wood
44.4%
2017-18Miles Wood
44.4%
2018-19Miles Wood
44.4%
2009-10David Clarkson
43.3%
2010-11David Clarkson
43.3%
2011-12David Clarkson
43.3%
2012-13*David Clarkson
43.3%
2012-13*David Clarkson
43.3%
2015-16Adam Larsson
42.2%
2011-12Bryce Salvador
32.2%
2014-15Michael Cammalleri
30%
2013-14Marek Zidlicky
22.2%
2014-15Jordin Tootoo
13.3%
2015-16Jordin Tootoo
13.3%
2010-11Mark Fayne
5.6%
2018-19Ben Lovejoy
5.6%
2016-17Kyle Quincey
4.4%

You're not logged in!

Compare scores with friends on all Sporcle quizzes.
OR
Log In

Sporcle TV

Today on Sporcle TV


Watch our educational content, quiz creation guides, and fun videos on Sporcle TV.

Show Comments

Extras

Created Sep 24, 2019ReportNominate
Tags:Hockey Quiz, NHL Quiz

Top Quizzes Today


Score Distribution

Paid Content

Your Account Isn't Verified!

In order to create a playlist on Sporcle, you need to verify the email address you used during registration. Go to your Sporcle Settings to finish the process.

Report this User

Report this user for behavior that violates our Community Guidelines.

Details: